000 00438nam a2200157 i 4500
001 49928
003 ES-MaACL
005 20230906162103.0
007 t|
008 030725s1967 sp ||||1| spa d
100 1 _aCrémer, Victoriano.
_941488
245 1 0 _aPoesía total
_b: (1944-1966) /
_cVictoriano Crémer.
260 _aBarcelona :
_bPlaza & Janés,
_c[1967]
300 _a272 p. ;
_c19 cm.
852 _aES-MaACL
_jG-15916
_bR.61965
999 _c49928
_d49928